000 00505nam a2200181Ia 4500
999 _c33969
_d33969
003 OSt
005 20200917132504.0
008 190216s9999||||xx |||||||||||||| ||und||
020 _a0852263465
040 _coclc
082 _a621.3813
_bGUP/M
100 _aGupta, K C
_94692
245 0 _aMicrowaves /
_cK C Gupta
260 _bNew Age International Publishers,
_aNew Delhi:
_c2000.
300 _a242p
650 _aPhysics
942 _cBK
_2ddc
_h621.3813
_iGUP/M
_k621.3813
_mGUP/M